00776cam a22002294a 450000100090000000300060000900500170001500800410003201000170007302000250009004000180011505000240013308200220015724501200017925000290029926000500032826000640037830000210044250400410046365000250050470000170052915674889GBCCL20241126110346.0090326s2009 miu b 000 0 eng  a 2009012339 a9780825441660 (pbk.) aDLCcDLCdDLC00aPN6084.O3bS67 200900a251.0022222bSPE04aThe speaker's quote book :bover 5,000 illustrations and quotations for all occasions /c[compiled by] Roy B. Zuck. aRevised and expanded ed. aBangalore :bAsian Trading Corporation,c2009 aGrand Rapids, MI :bKregel Academic & Professional,cc2009. a560 p. ;c23 cm. aIncludes bibliographical references. 0aQuotations, English.1 aZuck, Roy B.